000 00249nam a2200109Ia 4500
008 190914s9999||||xx |||||||||||||| ||und||
100 _aMeigs Williams Haka
245 0 _aAccounting
260 _aLondon
_bAddison
_c1993
300 _a550
942 _cBK
999 _c8538
_d8538